| 000 | 00617nam a2200181 i 4500 | ||
|---|---|---|---|
| 001 | 56807 | ||
| 003 | ES-MaACL | ||
| 005 | 20250902003421.0 | ||
| 007 | t| | ||
| 008 | 031013s1972 sp ||||1| spa d | ||
| 245 | 0 | 0 |
_a10 casos reales de Marketing / _cseleccionados y presentados por la Agencia de Investigaciones Industriales y Comerciales. |
| 260 |
_aMadrid : _bIbérico Europea, _c[1972] |
||
| 300 |
_a207 p. ; _c22 cm. |
||
| 710 | 2 |
_aAgencia de Investigaciones Industriales y Comerciales _91262 |
|
| 740 | 0 | _aDiez casos reales de Marketing. | |
| 852 |
_aES-MaACL _jC-47876 _bR.84525 |
||
| 999 |
_c56807 _d56807 |
||